000 00791 a2200265 4500
003 CBULib
005 20231211144809.0
008 231211b |||||||| |||| 00| 0 eng d
020 _a9780198734628
040 _bEnglish
_cCBULib
_erda
041 _aeng
050 _aRC 451.4.A83 Cur
100 1 _aCurrie, Alan
_91372
245 _aSports psychiatry
_c/ by Alan Currie; and Bruce Owen
260 _bOxford University Press,
_c2016
_aOxford :
300 _aunnumbered pages
336 _2rdacontent
_aText |
_btxt
337 _2rdamedia
_aUnmediated |
_bn
338 _2rdacarrier
_aVolume
_bnc
504 _aIncludes an index
650 0 _91374
_aATHLETES MENTAL HEALTH HANDBOOKS
650 0 _91373
_aATHLETES MENTAL HEALTH
650 0 _91375
_aATHLETES PSYCHOLOGY
942 _2lcc
_c002
999 _c83575
_d83575